MARC

LEADER 00000nam0a2200000 4500
001 258769
005 20231101233326.0
035 |a (RuTPU)RU\TPU\book\281657 
090 |a 258769 
100 |a 20140428d1987 k y0rusy50 ca 
101 0 |a rus 
102 |a RU 
105 |a y z 001zy 
200 1 |a Задачи исследования и стабилизации движения  |f Академия наук СССР (АН СССР), Вычислительный центр ; под ред. В. В. Румянцева 
210 |a Москва  |c ВЦ АН СССР  |d 1987 
215 |a 88 с. 
320 |a Библиогр. в конце ст. 
606 1 |a Движение в сопротивляющейся среде  |x (механика)  |2 stltpush  |3 (RuTPU)RU\TPU\subj\8936  |9 36246 
610 1 |a устойчивость 
610 1 |a стабилизация 
610 1 |a бифуркация 
610 1 |a линейные интегралы 
675 |a 531.3  |v 3 
702 1 |a Румянцев  |b В. В.  |4 340 
712 0 2 |a Академия наук СССР (АН СССР)  |b Вычислительный центр  |2 stltpush  |3 (RuTPU)RU\TPU\col\11481 
801 1 |a RU  |b 63413507  |c 20140428 
801 2 |a RU  |b 63413507  |c 20141114  |g RCR 
942 |c BK